000 01116nas a2200349 4500
001 BR2021000112
003 BR-BrBNA
005 20231205132135.0
007 ta
008 230509b bl.|||p| |||| 00| 00por d
040 _aBR-BrBNA
_bpor
_cBiblioteca Nacional de Agricultura
041 _a(En)
072 _aL02; L51; L01
100 1 _aAlencar, A.V.O.
100 1 _aNascimento, G.A.J. do
100 1 _aFreitas, E.R.
100 1 _aSouza, D.H.
100 1 _aCosta, M.K. de O.
100 1 _aRocha, A.K.S.
245 1 _aPerformance of lightweight replacement pullets fed rations with sunflower cake and the addition of enzymes
650 _aGALINHA PARA POSTURA
650 _aRAÇÃO
650 _aALIMENTO ALTERNATIVO
650 _aCONVERSÃO ALIMENTAR
650 _aOVO
650 _aQUALIDADE
650 _aPERFORMANCE
773 0 _tPesquisa Agropecuária Brasileira (Brazil)
_xISSN 1678-3921
_g(2019), v. 54 p. 1-9
_wBR2021000112
856 4 0 _uhttps://www.scielo.br/j/pab/a/Cv9VBWKrVTfVcLCJnVWry9B/?format=pdf lang=en
909 _a202311
_bLúcia
_c55
_dLúcia Elande
942 _2AGRIS
_n0
_cANA
999 _c258703
_d258703